• 首页
  • 本馆介绍
  • 公告通知
  • 最新文献
  • 馆藏检索
  • 电子资源
  • 读者导购
  • 参考咨询
  • 我的图书馆
  • 登录
  • 详细信息显示
  • 放入我的书架
  • 预约/预借图书
  • 作者相关作品
  • 分类相关作品
  • 丛书相关作品
  • 出版社相关作品

书目信息

  • 表格格式
  • 工作单格式
  • 卡片格式
题名:
马克思恩格斯论工会
    
 
作者: 马克思 , 恩格斯 著 ;工人出版社 编
分册:  
出版信息: 北京   工人出版社  1980
页数: 409页
开本: 21cm
丛书名:
单 册:
中图分类: A164
科图分类:
主题词: 马恩著作--专题汇编--政治
电子资源:
ISBN:
000 00731nam0 2200253 45
001 0180005680
005 20050512083613.0
010    @dCNY0.85
091    @a1007.4
100    @a19950628d1980 kemy0chiy0121 ea
101 0  @achi
102    @aCN@b110000
105    @ay z 000yy
200 10 @a马克思恩格斯论工会@Ama ke si en ge si lun gong hui@f马克思,恩格斯著@FMa Ke Si,En Ge Si Zhu@g工人出版社编
210    @a北京@c工人出版社@d1980
215    @a409页@c肖像@d21cm
606    @a马恩著作@x专题汇编@x政治
690    @aA164@v3
701  0 @a马克思@4著
701  0 @a恩格斯@4著
712 02 @a工人出版社@Agong ren chu ban she@4编
801  0 @aCN@b上海图书馆@c20050511
801  2 @aCN@bNLC@c20050511
905    @f1@b82340@dA164@e16
    
    马克思恩格斯论工会/马克思,恩格斯著/工人出版社编.-北京:工人出版社,1980
    409页:肖像;21cm
    
    
    ISBN :CNY0.85
    
●
相关链接 在E读中查询图书 在五车中查询图书 在当当中查询图书 在豆瓣中查询图书


正题名:马克思恩格斯论工会     索取号:A164/16         预约/预借

序号 登录号 条形码 馆藏地/架位号 状态 备注
1 0082331   001872584   密集书库/ [索取号:A164/16] 在馆    
2 0082332   001872548   密集书库/ [索取号:A164/16] 在馆    
3 0082333   001872502   密集书库/ [索取号:A164/16] 在馆    
4 0082334   001872469   密集书库/ [索取号:A164/16] 在馆    
5 0082335   000949031   第一借阅区/ [索取号:A164/16] 在馆    
6 0082336   000948997   第一借阅区/ [索取号:A164/16] 在馆    
7 0082337   001872628   密集书库/ [索取号:A164/16] 在馆    
8 0082338   000949040   第一借阅区/ [索取号:A164/16] 在馆    
9 0082339   000949004   第一借阅区/ [索取号:A164/16] 在馆    
10 0082340   001510136   第一样本阅览室/ [索取号:A164/16] 在馆    
唐山师范学院图书馆 欢迎您!
大连网信软件有限公司© 版权所有